000 00931nam a2200325Ia 4500
001 35695
003 IT-RoPAU
008 130308s9999 xx 000 0 und d
040 _aIT-RoPAU
040 _cIT-RoPAU
041 _aITALIANO
100 _aGilardi Ando
100 _gCodice Aut. SPICS: 6073
245 _aDi fronte all'incubo-Walter Schels
245 _bDi Fronte All'Incubo-Walter Schels
250 _a1a ed.
260 _aMILANO
260 _bEditphoto
260 _c1977 [1° Ed.:1977 - Ed.Ling.Originale:1977]
300 _a"28 p. (prefazione: no ; testo: 28)"
500 _aFotografie di Walter Schels presentazione del fotografo e della Sua fotografia da parte di Ando Gilardi
650 _aAUTORI/OPERE DI FOTOGRAFIA
650 _eCodice materia Spics: 6757
700 _aSchels Walter
700 _gCodice Aut. SPICS: 16983
942 _cBK
957 _71
999 _c70523
_d70523
999 _bSI
999 _g1